000 00290nam a22001337a 4500
008 180105b xxu||||| |||| 00| 0 eng d
020 _a9780838525951
041 _aeng
080 _a610.73
100 _a1
101 _aINF
245 _aFirst Aid for the Wards
_cLe, T
942 _2udc
_cBK
999 _c39791
_d39791